| 000 | 02245cam a22004334i 4500 | ||
|---|---|---|---|
| 003 | PE-LiUPU | ||
| 005 | 20250731184543.0 | ||
| 008 | 150623s r 000 0 d | ||
| 035 | _a(Sirsi) a27558 | ||
| 040 |
_aPE-LiUPU _bspa _cPE-LiUPU _erda |
||
| 082 | 0 | 4 |
_a946.009 _bN31 _221 |
| 100 | 1 |
_aNavas, José Luis, 1937-, _eautor. |
|
| 245 | 1 | 3 |
_aLa generación del príncipe / _cJosé Luis Navas. |
| 264 | 1 |
_aMadrid : _bG. del Toro, _c1972. |
|
| 300 |
_a238 p. : _bilustraciones fotos ; _c22 cm. |
||
| 336 |
_atext _2rdacontent |
||
| 337 |
_aunmediated _2rdamedia |
||
| 338 |
_avolume _2rdacarrier |
||
| 505 | 0 | _aCarta del príncipe. Luís María Anson Oliart. Fernándo Arias-Salgado Montalvo. Alfonso de Borbon Dampierre. Gabriel Cisneros Laborda. Jesualdo Dominguez Alcahud. Gabriel Elorriaga Fernández. Nicolás Franco Pascual del Pobil. José Carlos García-Fajardo Fernández. Rafael García Palencia. Antonio Gavilanes Dumont. Fernando de Liñan y Zofio. Ginés López-Cirera Villalba. Rodolfo Martín Villa. Cruz Martínez Esteruelas. Enrique de la Mata Gorostizaga. Eduardo Navarro Álvarez. Rafael Orbe Cano. Marcelino Oreja Aguirre. Juan Luis Ortega Escos. Ernesto Pérez de Lama. Daniel Regalado Aznar. Andrés Reguera Guajardo. Ramón de la Riva y López Doriga. Rafael Ruiz Gallardon. Manuel Ruiz-Jarabo Ferran. Emilio Sánchez Pintado. Jesús Sancho Rof. Juanm Luis de la Vallina Velarde. Enrique Villoria Martínez. Fernando de Ybarra y López Doriga. | |
| 526 | _aP136 | ||
| 526 | _aP135 | ||
| 526 | _aP134 | ||
| 526 | _aP133 | ||
| 526 | _aP144 | ||
| 526 | _aP143 | ||
| 526 | _aP87 | ||
| 526 | _aP35 | ||
| 526 | _aP20 | ||
| 526 | _aP14 | ||
| 526 | _aP10 | ||
| 526 | _aP06 | ||
| 650 | 0 | 4 |
_aEspaña _xbiografía. |
| 650 | 0 | 4 |
_aEspaña _xpolítica y gobierno _y1939. |
| 942 |
_2ddc _cBOOK |
||
| 949 |
_a946.009 N31 _wDEWEY _c1 _i52850 _lCCODEBUL1 _mBUL _p18.00 _r0 _sY _tBOOK _u2015-06-24 _xBIBLIOTECA _zUNKNOWN _0COMPRA _o.STAFF. Colección General |
||
| 596 | _a1 | ||
| 999 |
_a946.009 N31 _wDEWEY _c34710 _i52850 _f2021-11-8 _g5 _lCCODEBUL1 _mBUL _p18.00 _r0 _sY _tBOOK _u2015-6-24 _xBIBLIOTECA _zUNKNOWN _0COMPRA _o.STAFF. Colección General _d34710 |
||
| 980 |
_81 _gALBERTO SANCHEZ Responsable de Automatización |
||